000 00209 a2200097 4500
001 9632
100 _aBragg, Willium
245 _aThe Universe of Light
260 _a
_bD Van Nostrand
_c
090 _c7668
_d7668
942 _aNUST-CAE
_cM
_c34342
999 _c244705
_d244705